000
00299nam a2200109Ia 4500
008
200302s9999 xx 000 0 und d
100
_a
Ian D. Collin & Other
245
_a
Window selection A Guide for Architects and Designers
260
_b
New nes Butterworths Ltd.
260
_c
1977
300
_a
116 P.,
999
_c
299
_d
299